Surgical Atlas of Sports Orthopaedics and Sports Traumatology (Record no. 33480)

MARC details
000 -LEADER
fixed length control field 00480nam a22001817a 4500
005 - DATE AND TIME OF LATEST TRANSACTION
control field 20230918103200.0
008 - FIXED-LENGTH DATA ELEMENTS--GENERAL INFORMATION
fixed length control field 230908b |||||||| |||| 00| 0 eng d
020 ## - INTERNATIONAL STANDARD BOOK NUMBER
ISBN 9783662437759
082 ## - DEWEY DECIMAL CLASSIFICATION NUMBER
Classification number 617.1027
Item number LMH-S
100 ## - MAIN ENTRY--AUTHOR
Author Name Lmhoff,Andreas B.
245 ## - TITLE STATEMENT
Title Surgical Atlas of Sports Orthopaedics and Sports Traumatology
260 ## - PUBLICATION, DISTRIBUTION, ETC.
Place of Publication Singapore
Name of publisher, distributor, etc. Springer
Date of publication, distribution, etc. 2015
300 ## - PHYSICAL DESCRIPTION
Pages 369
500 ## - GENERAL NOTE
General note Include Index
650 ## - SUBJECT ADDED ENTRY--TOPICAL TERM
Subject / Department Medical
700 ## - ADDED ENTRY--PERSONAL NAME
Personal name Andreas B.Lmhoff
952 ## - LOCATION AND ITEM INFORMATION (KOHA)
-- 0
-- 0
Holdings
Lost status Damaged status Permanent Location Current Location Shelving Location Date acquired Full Call Number Accession No./Barcode Date last seen item type
    Superior Information Resource Center (SIRC) Superior University- Central Library Superior Information Resource Center (SIRC) Superior University- Central Library Medical 09/08/2023 617.1027 LMH-S 2015 20373 09/08/2023 BOOK

Powered by Koha